000 00612nam a22001937a 4500
999 _c179524
_d179524
005 20210617154123.0
010 _aB-740246
020 _a9788192328072
_c695.00
035 _aB-740246
037 _bGift
082 _a658
100 _aPattanaik, Devdutt
245 _aBusiness Sutra:
_ba very Indian approach to Management /
_cby Devdutt Pattanaik
260 _aNew Delhi
_bAleph Book
_c2013
270 _a7/16 Ansari Road,Daryaganj
_bNew Delhi
_e110002
300 _a437p.
_c24cm(Hb)
942 _2ddc
_cEN
_h658
_mPAT